[Event "XVIII Open Nicolo' La Rosa"]
[Site "Mazara del Vallo ITA"]
[Date "2010.08.18"]
[Round "2"]
[White "Ljubisavljevic, Zivojin Z."]
[Black "Puleo, Diego"]
[Result "0-1"]
[WhiteElo "2271"]
[BlackElo "1938"]
[PlyCount "136"]
[EventDate "2010.08.18"]

1. d4 d5 2. c3 e6 3. Bf4 b6 4. e3 Bb7 5. Nd2 Nf6 6. Bd3 Bd6 7. Bxd6 Qxd6 8. f4
Nbd7 9. Qf3 O-O-O 10. g4 Qc6 11. Qe2 Ne4 12. Ngf3 f6 13. Bb5 Qd6 14. Nxe4 dxe4
15. Nd2 Nb8 16. O-O-O a6 17. Bc4 f5 18. Rhg1 g6 19. h4 b5 20. Bb3 Bd5 21. c4
bxc4 22. Bxc4 c5 23. dxc5 Qxc5 24. Kb1 Bxc4 25. Nxc4 Kb7 26. Ne5 Rxd1+ 27. Rxd1
Rc8 28. Qd2 Rc7 29. g5 Nc6 30. Rc1 Qxc1+ 31. Qxc1 Nxe5 32. Qd2 Nd3 33. a3 Rc1+
34. Qxc1 Nxc1 35. Kxc1 Kc6 36. Kd2 Kd5 37. b4 e5 38. fxe5 Kxe5 39. Kc3 Kd5 40.
a4 Ke5 41. Kc2 f4 42. exf4+ Kxf4 43. b5 axb5 44. axb5 e3 45. b6 e2 46. b7 e1=Q
47. b8=Q+ Kg4 48. Qa7 Qxh4 49. Qe7 h6 50. Kd3 Qxg5 51. Qe4+ Kh5 52. Qh1+ Qh4
53. Qd5+ g5 54. Qf7+ Kg4 55. Qe6+ Kg3 56. Qd6+ Kh3 57. Qe6+ g4 58. Ke2 Qg5 59.
Qc6 Qe5+ 60. Kf1 h5 61. Qg2+ Kh4 62. Qh1+ Kg5 63. Qa8 h4 64. Qg8+ Kf4 65. Qf7+
Qf5 66. Qc7+ Ke3+ 67. Kg1 Qf2+ 68. Kh1 Qf1+ 0-1

[Event "XVIII Open Nicolo' La Rosa"]
[Site "Mazara del Vallo ITA"]
[Date "2010.08.18"]
[Round "2"]
[White "Lo Piccolo, Antonino"]
[Black "La Bella, Roberto"]
[Result "0-1"]
[WhiteElo "1879"]
[BlackElo "2098"]
[PlyCount "102"]
[EventDate "2010.08.18"]

1. e4 e5 2. Nf3 Nc6 3. Bc4 Nf6 4. d3 Bc5 5. Nc3 d6 6. Bg5 h6 7. Bxf6 Qxf6 8.
Nd5 Qd8 9. h3 Ne7 10. c3 Nxd5 11. Bxd5 c6 12. Bb3 Qf6 13. Qe2 O-O 14. O-O g5
15. Nh2 Kg7 16. Ng4 Qg6 17. Ne3 h5 18. Kh2 g4 19. Bc2 Qg5 20. Nf5+ Bxf5 21.
exf5 gxh3 22. gxh3 Qf4+ 23. Kh1 Kh6 24. Qe4 Qxe4+ 25. dxe4 a5 26. Rad1 Kg5 27.
Rd2 Kf4 28. Rg1 Rg8 29. Rg2 b5 30. Kg1 b4 31. c4 a4 32. b3 axb3 33. axb3 Rxg2+
34. Kxg2 Ra2 35. Kf1 h4 36. Kg2 Bd4 37. Kf1 f6 38. Kg2 Rb2 39. Kf1 Bc5 40. Ke2
Bd4 41. Kf1 Bc3 42. Re2 Ra2 43. Kg1 Rxc2 44. Rxc2 Kxe4 45. Ra2 d5 46. Ra6 dxc4
47. bxc4 b3 48. Rxc6 b2 49. Rb6 Kd4 50. Kf1 Kxc4 51. Ke2 Bb4 0-1

[Event "XVIII Open Nicolo' La Rosa"]
[Site "Mazara del Vallo ITA"]
[Date "2010.08.18"]
[Round "2"]
[White "Nocera, Alice"]
[Black "Guarino, Giuseppe"]
[Result "0-1"]
[WhiteElo "1389"]
[BlackElo "1515"]
[PlyCount "92"]
[EventDate "2010.08.18"]

1. d4 Nf6 2. Nf3 d5 3. e3 Bf5 4. Bd3 Bg6 5. Nbd2 Bxd3 6. cxd3 e6 7. O-O Bb4 8.
a3 Ba5 9. b4 Bb6 10. Re1 O-O 11. Ne5 Nbd7 12. Ndf3 Nxe5 13. dxe5 Nd7 14. e4 c6
15. exd5 cxd5 16. d4 Rc8 17. Bg5 Qe8 18. Rc1 a6 19. a4 Nb8 20. a5 Ba7 21. Rxc8
Qxc8 22. Be7 Re8 23. Bd6 Qc4 24. h3 Nc6 25. Qd2 Nxd4 26. Nxd4 Qxd4 27. Re2 Qxd2
28. Rxd2 Rc8 29. g4 h6 30. Kg2 Rc4 31. f3 Bd4 32. Kg3 Bc3 33. Re2 Bxb4 34. Bxb4
Rxb4 35. Rc2 Ra4 36. Rc8+ Kh7 37. Rc7 Rxa5 38. Rxf7 d4 39. Rd7 Rd5 40. Rxb7 d3
41. f4 d2 42. Rb1 d1=Q 43. Rxd1 Rxd1 44. Kh4 a5 45. Kh5 Re1 46. h4 g6# 0-1

[Event "XVIII Open Nicolo' La Rosa"]
[Site "Mazara del Vallo ITA"]
[Date "2010.08.18"]
[Round "2"]
[White "Pandolfo, Sergio"]
[Black "Messina, Damiano"]
[Result "0-1"]
[WhiteElo "1649"]
[BlackElo "2001"]
[PlyCount "44"]
[EventDate "2010.08.18"]

1. Nf3 d5 2. d4 Nf6 3. e3 c6 4. c3 Nbd7 5. Nbd2 Qc7 6. Bd3 e5 7. dxe5 Nxe5 8.
Nxe5 Qxe5 9. Nf3 Qh5 10. b3 Bd6 11. Bb2 Bg4 12. Be2 O-O-O 13. Nd4 Bxe2 14. Qxe2
Qg6 15. O-O-O Rhe8 16. c4 Kb8 17. Nxc6+ bxc6 18. cxd5 Rc8 19. Bc3 Ba3+ 20. Kd2
Ne4+ 21. Ke1 Nxc3 22. Qa6 Qc2 0-1

[Event "XVIII Open Nicolo' La Rosa"]
[Site "Mazara del Vallo ITA"]
[Date "2010.08.18"]
[Round "2"]
[White "Roberti, Ignazio"]
[Black "Isonzo, David"]
[Result "0-1"]
[WhiteElo "1933"]
[BlackElo "2357"]
[PlyCount "60"]
[EventDate "2010.08.18"]

1. Nf3 Nf6 2. b3 g6 3. Bb2 Bg7 4. e4 O-O 5. d3 d5 6. exd5 Nxd5 7. Bxg7 Kxg7 8.
c4 Nf6 9. Nc3 c5 10. Be2 Nc6 11. O-O Bf5 12. Rc1 Qd7 13. Nh4 Rfd8 14. Nxf5+
Qxf5 15. Na4 Nb4 16. a3 Nxd3 17. Bxd3 Rxd3 18. Qc2 Rad8 19. Nb2 Rd2 20. Qxf5
gxf5 21. Rcd1 Ne4 22. f3 Nc3 23. Rxd2 Rxd2 24. Na4 Ne2+ 25. Kh1 b6 26. b4 cxb4
27. g3 bxa3 28. c5 b5 29. Nb6 axb6 30. cxb6 Rd6 0-1

[Event "XVIII Open Nicolo' La Rosa"]
[Site "Mazara del Vallo ITA"]
[Date "2010.08.18"]
[Round "2"]
[White "Savalla, Gianluca"]
[Black "D'Amico, Filippo"]
[Result "0-1"]
[WhiteElo "1362"]
[BlackElo "1482"]
[PlyCount "80"]
[EventDate "2010.08.18"]

1. e4 e6 2. d4 d5 3. exd5 exd5 4. Nf3 Nf6 5. Be2 Bd6 6. Nc3 Bg4 7. Bg5 c6 8.
O-O O-O 9. Re1 Nbd7 10. a3 Qc7 11. h3 Bf5 12. Bd3 Bxd3 13. Qxd3 Rfe8 14. Re2 h6
15. Bd2 Rxe2 16. Qxe2 Re8 17. Qd3 Qb6 18. b4 Qc7 19. Re1 Rxe1+ 20. Bxe1 Nb6 21.
Nb1 Qe7 22. c3 Nc4 23. Qf5 Qe6 24. Qxe6 fxe6 25. a4 b6 26. Nbd2 Nb2 27. a5 bxa5
28. bxa5 Bc7 29. a6 Na4 30. Nb1 Nd7 31. Na3 Nb8 32. Ne5 Bxe5 33. dxe5 Nxa6 34.
Kf1 Nb6 35. Bd2 Nc5 36. Nc2 Nbd7 37. Be3 Na4 38. Bxa7 c5 39. Ne1 Nxc3 40. g3
Nxe5 0-1

[Event "XVIII Open Nicolo' La Rosa"]
[Site "Mazara del Vallo ITA"]
[Date "2010.08.18"]
[Round "2"]
[White "Scali, Fausto"]
[Black "Piazza, Dario"]
[Result "1-0"]
[WhiteElo "1971"]
[BlackElo "1662"]
[PlyCount "79"]
[EventDate "2010.08.18"]

1. e4 d6 2. d4 Nf6 3. Nc3 c6 4. f4 Qa5 5. Bd3 Nbd7 6. Nf3 e5 7. Be3 Be7 8. Qd2
O-O 9. O-O-O Ng4 10. Bg1 exd4 11. Nxd4 Nc5 12. a3 Nxd3+ 13. Qxd3 Nf6 14. g4 h6
15. Nb3 Qc7 16. Be3 Nh7 17. Rdg1 f6 18. h4 Qd8 19. Qd2 g5 20. hxg5 hxg5 21. f5
Rf7 22. Rh6 Bf8 23. Rh5 Qe7 24. Rgh1 b5 25. Qg2 a5 26. Nd4 Bd7 27. Nf3 Rg7 28.
Qh2 b4 29. Nd1 Be8 30. Rh6 c5 31. Nf2 Ra7 32. e5 dxe5 33. Ne4 Qd8 34. Rd1 Rad7
35. Rd2 Rxd2 36. Nfxd2 Be7 37. Bxc5 Bxc5 38. Nxc5 Bf7 39. Nde4 Qe7 40. Nxf6+
1-0

[Event "XVIII Open Nicolo' La Rosa"]
[Site "Mazara del Vallo ITA"]
[Date "2010.08.19"]
[Round "3"]
[White "Bucca, Angelo"]
[Black "Pandolfo, Sergio"]
[Result "0-1"]
[WhiteElo "1368"]
[BlackElo "1649"]
[PlyCount "120"]
[EventDate "2010.08.18"]

1. e4 c5 2. Nf3 d6 3. d4 cxd4 4. Nxd4 Nf6 5. Nc3 a6 6. Be3 Ng4 7. Bd2 Qb6 8.
Bc1 Nc6 9. Nd5 Qxd4 10. Qe2 Kd8 11. c3 Qa7 12. f3 e6 13. fxg4 exd5 14. exd5 Ne5
15. g5 Bg4 16. Be3 Bxe2 17. Bxa7 Rxa7 18. Bxe2 Be7 19. h4 h6 20. gxh6 Rxh6 21.
g3 Ra8 22. O-O-O Rc8 23. Rd4 Rf6 24. Bg4 Nxg4 25. Rxg4 Rg6 26. Rxg6 fxg6 27. h5
gxh5 28. Rxh5 Bf6 29. g4 Ke7 30. g5 Be5 31. Rh1 Rf8 32. Kc2 Rf2+ 33. Kb3 Rg2
34. Rh4 a5 35. Rh8 Rxg5 36. Rb8 Rh5 37. Rxb7+ Kf6 38. Ra7 g5 39. Rxa5 g4 40.
Ra4 g3 41. Rg4 Rg5 42. Rxg5 Kxg5 43. a4 g2 44. a5 g1=Q 45. Kb4 Qc5+ 46. Ka4
Qc4+ 47. Ka3 Bxc3 48. bxc3 Qxc3+ 49. Ka4 Qd4+ 50. Kb5 Qxd5+ 51. Kb4 Qc5+ 52.
Ka4 Kf4 53. a6 Qb6 54. a7 Qxa7+ 55. Kb5 Qc5+ 56. Ka4 Qb6 57. Ka3 Qb5 58. Ka2
Qb4 59. Ka1 Ke3 60. Ka2 Kd2 0-1

[Event "XVIII Open Nicolo' La Rosa"]
[Site "Mazara del Vallo ITA"]
[Date "2010.08.19"]
[Round "3"]
[White "Cassia, Giuseppe"]
[Black "Ljubisavljevic, Zivojin Z."]
[Result "0-1"]
[WhiteElo "1586"]
[BlackElo "2271"]
[PlyCount "80"]
[EventDate "2010.08.18"]

1. c4 e5 2. Nc3 f5 3. e4 d6 4. Nf3 Nf6 5. d3 Be7 6. Bg5 O-O 7. Bxf6 Bxf6 8. Nd5
c6 9. Ne3 f4 10. Nc2 c5 11. b4 Nc6 12. b5 Ne7 13. a4 g5 14. h3 Ng6 15. g4 fxg3
16. fxg3 g4 17. hxg4 Bxg4 18. Be2 Bg7 19. Ne3 Be6 20. a5 Bf6 21. Rh5 Ne7 22.
Ng5 Bxg5 23. Rxg5+ Kh8 24. Bg4 Qd7 25. Bxe6 Qxe6 26. Qh5 Qf7 27. Qxf7 Rxf7 28.
Ke2 a6 29. g4 Ng6 30. Nd5 Nh4 31. Rf1 Rxf1 32. Kxf1 axb5 33. cxb5 Rf8+ 34. Ke2
Nf3 35. Rh5 Nd4+ 36. Ke1 Nxb5 37. Rf5 Rxf5 38. exf5 Kg7 39. g5 Nd4 40. Ne7 Nf3+
0-1

[Event "XVIII Open Nicolo' La Rosa"]
[Site "Mazara del Vallo ITA"]
[Date "2010.08.19"]
[Round "3"]
[White "Castelli, Giovanni J."]
[Black "Cerami, Giuseppe"]
[Result "1-0"]
[WhiteElo "1792"]
[BlackElo "1631"]
[PlyCount "69"]
[EventDate "2010.08.18"]

1. c4 Nf6 2. d4 e5 3. dxe5 Ng4 4. Bf4 Nc6 5. Nf3 Bb4+ 6. Nbd2 Qe7 7. e3 Ngxe5
8. Be2 d6 9. O-O Bg4 10. a3 Bxd2 11. Nxd2 Bxe2 12. Qxe2 g5 13. Bxe5 Nxe5 14. f4
Nc6 15. Rac1 O-O-O 16. fxg5 Qxg5 17. Rxf7 Ne5 18. Rf4 h5 19. Nf3 Nxf3+ 20. Qxf3
Rde8 21. Rf7 Qc5 22. Qf5+ Qxf5 23. Rxf5 Kd7 24. Kf2 Rhf8 25. Rxf8 Rxf8+ 26. Ke2
Ke6 27. Rf1 Rxf1 28. Kxf1 Kf5 29. Kf2 c6 30. Kf3 b5 31. cxb5 c5 32. a4 d5 33.
a5 Ke5 34. b6 axb6 35. a6 1-0

[Event "XVIII Open Nicolo' La Rosa"]
[Site "Mazara del Vallo ITA"]
[Date "2010.08.19"]
[Round "3"]
[White "D'Amico, Filippo"]
[Black "Lo Piccolo, Antonino"]
[Result "1/2-1/2"]
[WhiteElo "1482"]
[BlackElo "1879"]
[PlyCount "36"]
[EventDate "2010.08.18"]

1. c4 Nf6 2. Nc3 g6 3. Nf3 Bg7 4. d4 O-O 5. Bg5 d6 6. e3 Nbd7 7. Be2 c5 8. O-O
cxd4 9. exd4 Re8 10. Qd2 Nf8 11. Rad1 Bf5 12. d5 Bg4 13. Nd4 Bxe2 14. Ndxe2 Rc8
15. b3 N8d7 16. Ng3 a5 17. Rfe1 Nc5 18. Nge4 Nfxe4 1/2-1/2

[Event "XVIII Open Nicolo' La Rosa"]
[Site "Mazara del Vallo ITA"]
[Date "2010.08.19"]
[Round "3"]
[White "Ferrante, Filippo"]
[Black "Nocera, Alice"]
[Result "1-0"]
[WhiteElo "1619"]
[BlackElo "1389"]
[PlyCount "53"]
[EventDate "2010.08.18"]

1. Nf3 d5 2. d3 g6 3. g3 Bg7 4. Bg2 Bg4 5. Nbd2 e6 6. O-O Nf6 7. h3 Bxf3 8.
Nxf3 O-O 9. c3 c5 10. Nd2 Nc6 11. Nb3 b6 12. Nd2 Qd7 13. c4 Rfe8 14. Rb1 Nd4
15. b3 e5 16. Bb2 Rab8 17. e3 Nf5 18. Nf3 d4 19. e4 Nh6 20. g4 g5 21. Nxg5 Qd6
22. Bc1 Nd7 23. f4 f6 24. fxe5 Rxe5 25. Nf3 Re6 26. Nh4 Rf8 27. Bxh6 1-0

[Event "XVIII Open Nicolo' La Rosa"]
[Site "Mazara del Vallo ITA"]
[Date "2010.08.19"]
[Round "3"]
[White "Guarino, Giuseppe"]
[Black "Roberti, Ignazio"]
[Result "0-1"]
[WhiteElo "1515"]
[BlackElo "1933"]
[PlyCount "70"]
[EventDate "2010.08.18"]

1. e4 Nc6 2. d4 d5 3. e5 Bf5 4. Bd3 Nxd4 5. Nc3 e6 6. Be3 Bxd3 7. Qxd3 Nc6 8.
Nge2 Nge7 9. f4 Nf5 10. O-O-O Qd7 11. Bf2 h5 12. Kb1 a6 13. Ne4 Nb4 14. Qb3 Qc6
15. Ng5 a5 16. Nd4 Nxd4 17. Bxd4 a4 18. Qc3 a3 19. b3 Qxc3 20. Bxc3 Ra6 21. Ba1
c5 22. Rd2 Be7 23. h4 O-O 24. g4 hxg4 25. h5 f6 26. exf6 gxf6 27. c3 fxg5 28.
cxb4 gxf4 29. bxc5 Bf6 30. h6 Kh7 31. Rdh2 g3 32. Rh5 g2 33. Rg1 f3 34. Bxf6
Rxf6 35. Kc2 Rxh6 0-1

[Event "XVIII Open Nicolo' La Rosa"]
[Site "Mazara del Vallo ITA"]
[Date "2010.08.19"]
[Round "3"]
[White "Isonzo, David"]
[Black "La Bella, Massimiliano"]
[Result "1-0"]
[WhiteElo "2357"]
[BlackElo "1996"]
[PlyCount "55"]
[EventDate "2010.08.18"]

1. e4 e5 2. Nf3 Nc6 3. Bb5 a6 4. Bxc6 dxc6 5. O-O Qf6 6. d4 exd4 7. Bg5 Qg6 8.
Qxd4 Bg4 9. Nbd2 Qd6 10. Qe3 Qc5 11. Nd4 Be7 12. Bxe7 Nxe7 13. N2b3 Qd6 14. f3
Bh5 15. Nf5 Qe5 16. Qg5 Bg6 17. f4 Qf6 18. Qxf6 gxf6 19. Nxe7 Kxe7 20. f5 Bh5
21. Rae1 Rhg8 22. Nc5 Rg5 23. Nd3 Rag8 24. Rf2 b6 25. Nf4 Bg4 26. h3 h5 27.
hxg4 hxg4 28. g3 1-0

[Event "XVIII Open Nicolo' La Rosa"]
[Site "Mazara del Vallo ITA"]
[Date "2010.08.19"]
[Round "3"]
[White "La Bella, Roberto"]
[Black "Scali, Fausto"]
[Result "1-0"]
[WhiteElo "2098"]
[BlackElo "1971"]
[PlyCount "69"]
[EventDate "2010.08.18"]

1. e4 c5 2. c3 d5 3. exd5 Qxd5 4. d4 Nf6 5. Nf3 e6 6. Be2 Nbd7 7. Na3 a6 8. Nc2
Be7 9. O-O O-O 10. Bf4 cxd4 11. cxd4 b5 12. Ne3 Qe4 13. Bc7 Bb7 14. Bd3 Qc6 15.
Rc1 Nc5 16. Ba5 e5 17. dxc5 e4 18. Nd4 Qd7 19. c6 Bxc6 20. Nxc6 exd3 21. Nxe7+
Qxe7 22. Qxd3 Rac8 23. Nf5 Qb7 24. Qg3 Nh5 25. Qg5 Rxc1 26. Rxc1 g6 27. Rc7 Qe4
28. Nh6+ Kh8 29. g4 f6 30. gxh5 Qd4 31. hxg6 hxg6 32. Qxg6 Qd1+ 33. Kg2 Qd5+
34. f3 Rg8 35. Rh7# 1-0

[Event "XVIII Open Nicolo' La Rosa"]
[Site "Mazara del Vallo ITA"]
[Date "2010.08.19"]
[Round "3"]
[White "Mancuso, Fabrizio"]
[Black "Cangemi, Felice"]
[Result "1-0"]
[WhiteElo "1335"]
[BlackElo "1463"]
[PlyCount "23"]
[EventDate "2010.08.18"]

1. e4 e5 2. Nf3 Nc6 3. Bc4 h6 4. O-O Nf6 5. d4 Ng4 6. h3 Nf6 7. dxe5 Nxe4 8.
Qd5 Qe7 9. Qxe4 Nxe5 10. Qxe5 Qxe5 11. Nxe5 Bd6 12. Nxf7 1-0

[Event "XVIII Open Nicolo' La Rosa"]
[Site "Mazara del Vallo ITA"]
[Date "2010.08.19"]
[Round "3"]
[White "Messina, Damiano"]
[Black "Bifulco, Michel"]
[Result "1/2-1/2"]
[WhiteElo "2001"]
[BlackElo "1952"]
[PlyCount "86"]
[EventDate "2010.08.18"]

1. e4 c5 2. Nf3 d6 3. d4 cxd4 4. Nxd4 Nf6 5. Nc3 g6 6. Bc4 Bg7 7. Bb3 O-O 8. f3
Nc6 9. Be3 Bd7 10. Qd2 Qa5 11. O-O-O Rfc8 12. Kb1 Ne5 13. Nd5 Qxd2 14. Rxd2
Nxd5 15. Bxd5 Nc4 16. Bxc4 Rxc4 17. Ne2 Be6 18. b3 Rcc8 19. Bd4 b5 20. Bxg7
Kxg7 21. Rc1 a5 22. Nf4 Rc3 23. Rd3 Rcc8 24. Ne2 Rc5 25. Kb2 a4 26. a3 Rb8 27.
Nc3 axb3 28. cxb3 b4 29. axb4 Rxb4 30. Nd5 Bxd5 31. exd5 Rxc1 32. Kxc1 Kf6 33.
Kc2 e6 34. Kc3 Rb5 35. dxe6 Kxe6 36. b4 d5 37. Kb3 Rb8 38. Ka4 Ra8+ 39. Kb3 Rb8
40. Rc3 Kd6 41. Rc2 Kd7 42. Rc5 Kd6 43. Rc2 Kd7 1/2-1/2

[Event "XVIII Open Nicolo' La Rosa"]
[Site "Mazara del Vallo ITA"]
[Date "2010.08.19"]
[Round "3"]
[White "Piazza, Dario"]
[Black "Imburgia, Giuseppe"]
[Result "1-0"]
[WhiteElo "1662"]
[BlackElo "1611"]
[PlyCount "85"]
[EventDate "2010.08.18"]

1. e4 e5 2. Nf3 Nc6 3. Bc4 Bc5 4. Nc3 Nf6 5. d3 d6 6. Na4 Bb6 7. Nxb6 axb6 8.
a3 Bg4 9. Be3 Qd7 10. Qd2 Bxf3 11. gxf3 Qh3 12. Qe2 Na5 13. Ba2 c5 14. O-O-O
Nc6 15. Rdg1 Nh5 16. Rg4 g6 17. c3 f5 18. exf5 gxf5 19. Rgg1 f4 20. Bd2 b5 21.
Rg4 O-O-O 22. Be6+ Kb8 23. Bb3 Na5 24. Bd1 Nf6 25. Rg7 Qe6 26. Bxf4 Nh5 27. Rg4
Nxf4 28. Rxf4 Qa2 29. Rg4 c4 30. Bc2 Nb3+ 31. Bxb3 Qa1+ 32. Kd2 Qxh1 33. dxc4
bxc4 34. Bxc4 Rhf8 35. Bd5 Rd7 36. Qb5 Rc7 37. Rb4 Qxh2 38. Bxb7 Qxf2+ 39. Kc1
Qc5 40. Qa6 Qe3+ 41. Kc2 Qf2+ 42. Kb3 Rc5 43. Bc6+ 1-0

[Event "XVIII Open Nicolo' La Rosa"]
[Site "Mazara del Vallo ITA"]
[Date "2010.08.19"]
[Round "3"]
[White "Puleo, Diego"]
[Black "Campo, Renato"]
[Result "1/2-1/2"]
[WhiteElo "1938"]
[BlackElo "2002"]
[PlyCount "83"]
[EventDate "2010.08.18"]

1. Nf3 Nf6 2. d4 d5 3. g3 c6 4. Bg2 Bg4 5. c4 e6 6. O-O Nbd7 7. Nbd2 Bd6 8. Re1
O-O 9. Qc2 Re8 10. e4 dxe4 11. Nxe4 Nxe4 12. Qxe4 Bf5 13. Qe2 h6 14. c5 Bc7 15.
Nh4 Bh7 16. b4 a6 17. Bb2 Nf6 18. a4 Nd5 19. Qc4 Nf4 20. Rad1 Nxg2 21. Nxg2 Bg6
22. Qc3 Qf6 23. Qb3 Qg5 24. Qc3 Bh5 25. f4 Qf6 26. Rd2 Rad8 27. Ne3 Bf3 28. Rf2
Bd5 29. f5 exf5 30. Nxf5 Qg5 31. Bc1 Qh5 32. Bf4 Bxf4 33. Rxf4 Re2 34. Ne7+ Kh8
35. Rxe2 Qxe2 36. Nxd5 Rxd5 37. Rxf7 Qd1+ 38. Kg2 Qe2+ 39. Kg1 Qd1+ 40. Kg2
Qe2+ 41. Kg1 Qd1+ 42. Kg2 1/2-1/2

[Event "XVIII Open Nicolo' La Rosa"]
[Site "Mazara del Vallo ITA"]
[Date "2010.08.19"]
[Round "3"]
[White "Speciale, Francesco"]
[Black "Savalla, Pietro"]
[Result "1/2-1/2"]
[WhiteElo "1893"]
[BlackElo "1583"]
[PlyCount "76"]
[EventDate "2010.08.18"]

1. g3 d5 2. Bg2 g6 3. d4 Bg7 4. c3 c6 5. Nd2 Nf6 6. Ngf3 O-O 7. Ne5 Nbd7 8. Nd3
Re8 9. f4 Ng4 10. Nf3 f5 11. O-O Qb6 12. Qb3 Qxb3 13. axb3 Ngf6 14. Ng5 e6 15.
Ne5 Ne4 16. Bxe4 fxe4 17. Ngf7 Rf8 18. Nd6 Nxe5 19. fxe5 Rxf1+ 20. Kxf1 a6 21.
Kg2 Bf8 22. Bg5 h6 23. Bf6 Rb8 24. g4 Bd7 25. h4 Bxd6 26. exd6 Rf8 27. g5 h5
28. Kg3 Bc8 29. b4 Bd7 30. Rf1 Bc8 31. Rf4 Bd7 32. Rf1 Bc8 33. Rf4 Bd7 34. Be7
Rf5 35. Bf6 Kf7 36. Be5 Kf8 37. Rxf5+ exf5 38. e3 Ke8 1/2-1/2

[Event "XVIII Open Nicolo' La Rosa"]
[Site "Mazara del Vallo ITA"]
[Date "2010.08.19"]
[Round "4"]
[White "Campo, Renato"]
[Black "Messina, Damiano"]
[Result "1-0"]
[WhiteElo "2002"]
[BlackElo "2001"]
[PlyCount "103"]
[EventDate "2010.08.18"]

1. e4 c5 2. Na3 Nc6 3. Bb5 Qc7 4. d3 g6 5. c3 Bg7 6. f4 d6 7. Nf3 Bd7 8. Ba4 a6
9. Nc2 Nf6 10. O-O O-O 11. Qe1 b5 12. Bb3 a5 13. Ne3 a4 14. Bc2 e6 15. a3 Nh5
16. f5 Ne5 17. g4 Nf4 18. Nxe5 dxe5 19. Ng2 g5 20. Be3 h6 21. Kh1 Rac8 22. Rc1
Rfd8 23. d4 c4 24. Rd1 Bc6 25. Bxf4 exf4 26. Rd2 exf5 27. gxf5 f6 28. Qd1 Be8
29. h4 Qf7 30. Qe1 Qc7 31. Bd1 Bf7 32. Bf3 Re8 33. hxg5 hxg5 34. Qd1 Rcd8 35.
Re1 Qd7 36. Kg1 Kh7 37. Kf2 Rh8 38. Bg4 Qe8 39. Qf3 Kg8 40. Rde2 Qc6 41. Rg1
Rh2 42. Kf1 Rh8 43. Ne1 Qe8 44. Nc2 Bf8 45. Rh1 Rxh1+ 46. Qxh1 Rd7 47. Bf3 Qd8
48. d5 Bc5 49. Rh2 Kf8 50. e5 fxe5 51. Re2 Bg8 52. Qh6+ 1-0

[Event "XVIII Open Nicolo' La Rosa"]
[Site "Mazara del Vallo ITA"]
[Date "2010.08.19"]
[Round "4"]
[White "Cangemi, Felice"]
[Black "Guarino, Giuseppe"]
[Result "1/2-1/2"]
[WhiteElo "1463"]
[BlackElo "1515"]
[PlyCount "33"]
[EventDate "2010.08.18"]

1. e4 c6 2. d4 d5 3. e5 Bf5 4. Nf3 e6 5. Bd3 Bg6 6. Bxg6 hxg6 7. Bf4 Nh6 8. Nc3
Bb4 9. Qd2 Nd7 10. a3 Ba5 11. b4 Bb6 12. Na4 Nf5 13. c3 Bc7 14. O-O f6 15. Rfe1
g5 16. Bg3 Nxg3 17. fxg3 1/2-1/2

[Event "XVIII Open Nicolo' La Rosa"]
[Site "Mazara del Vallo ITA"]
[Date "2010.08.19"]
[Round "4"]
[White "Cerami, Giuseppe"]
[Black "Piazza, Francesco"]
[Result "1-0"]
[WhiteElo "1631"]
[BlackElo "1392"]
[PlyCount "79"]
[EventDate "2010.08.18"]

1. b4 Nf6 2. Bb2 g6 3. Bxf6 exf6 4. a3 d5 5. d4 Bg7 6. e3 O-O 7. c4 b6 8. Nc3
Be6 9. cxd5 Bxd5 10. Rc1 a6 11. Nf3 Re8 12. Be2 f5 13. O-O Be6 14. Ne1 Nd7 15.
d5 Bxc3 16. Rxc3 Qf6 17. Rxc7 Nf8 18. dxe6 Nxe6 19. Rc6 Kg7 20. Nd3 h5 21. Nf4
Nxf4 22. Rxf6 Nxe2+ 23. Qxe2 Kxf6 24. Rc1 Rac8 25. Rxc8 Rxc8 26. g3 b5 27. Qb2+
Kg5 28. h4+ Kg4 29. Kg2 f4 30. f3+ Kf5 31. e4+ Ke6 32. Qb3+ Rc4 33. gxf4 f5 34.
a4 Ke7 35. axb5 axb5 36. Qe3 fxe4 37. fxe4 Kd6 38. Qb6+ Rc6 39. e5+ Kd5 40.
Qxb5+ 1-0

[Event "XVIII Open Nicolo' La Rosa"]
[Site "Mazara del Vallo ITA"]
[Date "2010.08.19"]
[Round "4"]
[White "Imburgia, Giuseppe"]
[Black "Ferrante, Filippo"]
[Result "1/2-1/2"]
[WhiteElo "1611"]
[BlackElo "1619"]
[PlyCount "36"]
[EventDate "2010.08.18"]

1. e4 e6 2. Nc3 d5 3. exd5 exd5 4. d4 c6 5. Nf3 Bd6 6. Be3 Ne7 7. Bd3 Bg4 8. h3
Bh5 9. g4 Bg6 10. Qd2 Qc7 11. Nh4 Bxd3 12. Qxd3 Nd7 13. Nf5 Nxf5 14. Qxf5 g6
15. Qd3 O-O-O 16. O-O-O Rde8 17. Rde1 Re7 18. Re2 Rhe8 1/2-1/2

[Event "XVIII Open Nicolo' La Rosa"]
[Site "Mazara del Vallo ITA"]
[Date "2010.08.19"]
[Round "4"]
[White "La Bella, Massimiliano"]
[Black "Piazza, Dario"]
[Result "1-0"]
[WhiteElo "1996"]
[BlackElo "1662"]
[PlyCount "23"]
[EventDate "2010.08.18"]

1. Nf3 Nf6 2. c4 Nc6 3. d4 d5 4. cxd5 Nxd5 5. e4 Nf6 6. d5 Nb8 7. Nc3 e6 8. Bc4
Bb4 9. Qa4+ c6 10. Qxb4 exd5 11. exd5 a5 12. Qc5 1-0

[Event "XVIII Open Nicolo' La Rosa"]
[Site "Mazara del Vallo ITA"]
[Date "2010.08.19"]
[Round "4"]
[White "La Bella, Roberto"]
[Black "Isonzo, David"]
[Result "1/2-1/2"]
[WhiteElo "2098"]
[BlackElo "2357"]
[PlyCount "64"]
[EventDate "2010.08.18"]

1. e4 c5 2. c3 Nf6 3. e5 Nd5 4. d4 cxd4 5. Nf3 Nc6 6. Bc4 Nb6 7. Bb3 d5 8. exd6
Qxd6 9. O-O Be6 10. Bxe6 Qxe6 11. Nxd4 Qd7 12. Nxc6 Qxc6 13. Nd2 e6 14. Qf3
Qxf3 15. Nxf3 f6 16. Nd4 Kf7 17. Be3 Nc4 18. Nc2 b6 19. b3 Nxe3 20. Nxe3 Bc5
21. Rfd1 Ke7 22. Rd3 Rhd8 23. Rad1 Bxe3 24. fxe3 Rxd3 25. Rxd3 Rc8 26. a4 a6
27. Kf2 Rc5 28. e4 Rh5 29. h3 b5 30. axb5 axb5 31. b4 Re5 32. Rd4 h5 1/2-1/2

[Event "XVIII Open Nicolo' La Rosa"]
[Site "Mazara del Vallo ITA"]
[Date "2010.08.19"]
[Round "4"]
[White "Ljubisavljevic, Zivojin Z."]
[Black "Castelli, Giovanni J."]
[WhiteElo "2271"]
[BlackElo "1792"]
[Result "1-0"]
[PlyCount "85"]
[EventDate "2010.08.18"]

1. c4 e5 2. Nc3 Nc6 3. g3 Bc5 4. Bg2 a6 5. Nf3 d6 6. O-O Nge7 7. a3 Ba7 8. b4
O-O 9. e3 Ng6 10. d4 exd4 11. Nxd4 Nxd4 12. exd4 Qf6 13. Be3 Ne7 14. c5 dxc5
15. bxc5 Rd8 16. Qf3 Qxf3 17. Bxf3 Nf5 18. Rfd1 c6 19. Rab1 Nxe3 20. fxe3 Rb8
21. Na4 Be6 22. Rb4 Rd7 23. Rdb1 Bf5 24. Bxc6 Bxb1 25. Bxd7 Be4 26. Nc3 Bc6 27.
Bxc6 bxc6 28. Kf2 Rxb4 29. axb4 Kf8 30. Ne4 Bb8 31. Nd2 Ke7 32. Nc4 Bc7 33. e4
Ke6 34. Ke3 f6 35. Kd3 g5 36. Ne3 h5 37. d5+ cxd5 38. exd5+ Kd7 39. d6 Bd8 40.
Kc4 Kc6 41. Nf5 Kd7 42. Kd5 Kc8 43. c6 1-0

[Event "XVIII Open Nicolo' La Rosa"]
[Site "Mazara del Vallo ITA"]
[Date "2010.08.19"]
[Round "4"]
[White "Lo Piccolo, Antonino"]
[Black "Mancuso, Fabrizio"]
[Result "1-0"]
[WhiteElo "1879"]
[BlackElo "1335"]
[PlyCount "37"]
[EventDate "2010.08.18"]

1. e4 e5 2. Nf3 Nf6 3. Nxe5 d6 4. Nf3 Nxe4 5. Nc3 Nxc3 6. dxc3 Be7 7. Bd3 Nc6
8. Be3 O-O 9. Qd2 Bg4 10. O-O-O Re8 11. h3 Bh5 12. g4 Bg6 13. Bxg6 fxg6 14.
Qd5+ Kh8 15. h4 Bf6 16. Ng5 Ne5 17. Rdg1 h6 18. f4 Nxg4 19. Nf7+ 1-0